000
00189 a2200085 4500
020
_a
9781864706598
100
_a
Angus Bruce
245
_a
Pocket Park Design
260
_b
Images Shenyang
_c
2018
999
_c
13295
_d
13295